|
|
|
|
| LEADER |
00000nab a2200000 ar4500 |
| 001 |
vtls009182565 |
| 003 |
SK-MaSNL |
| 005 |
20260426091448.0 |
| 008 |
080116c1998 xo |r||||||||||00 ||slo |
| 015 |
|
|
|a SNBRA2008/01
|2 snkbucl
|
| 038 |
|
|
|a SNKBUCL
|
| 040 |
|
|
|a SNKBUCL
|b slo
|c SNKBUCL
|e AACR2
|
| 041 |
1 |
|
|a slo
|
| 044 |
|
|
|a xo
|c SK
|
| 080 |
|
|
|a 327
|x (437.6)
|x "1997"
|2 2001
|
| 080 |
|
|
|a 327
|x (470+571)
|x "1997"
|2 2001
|
| 100 |
1 |
|
|a Duleba, Alexander,
|d 1966-
|4 aut
|9 109162
|
| 245 |
1 |
0 |
|a Slovensko a Rusko
|c Alexander Duleba
|
| 504 |
|
|
|a Bibliogr. odkazy
|
| 648 |
|
7 |
|a 1997
|2 snkbucl
|9 283446
|
| 650 |
0 |
7 |
|a zahraničná politika
|2 snkbucl
|9 971
|
| 650 |
0 |
7 |
|a bilaterálne vzťahy
|2 snkbucl
|9 84138
|
| 650 |
0 |
7 |
|a medzinárodné vzťahy
|2 snkbucl
|9 3690
|
| 651 |
|
7 |
|a Slovensko
|2 snkbucl
|9 14231
|
| 651 |
|
7 |
|a Rusko
|2 snkbucl
|9 17250
|
| 773 |
0 |
|
|t Slovensko 1997 : súhrnná správa o stave spoločnosti a trendoch na rok 1998
|d Bratislava : Inštitút pre verejné otázky, 1998
|g S. 287-300
|z 8096773984
|
| 852 |
|
|
|a SNK
|b KIS3GCP
|
| 958 |
|
|
|a NB
|
| 999 |
|
|
|c 3025939
|d 3027869
|